Представление документа в формате RUSMARC

ПолеНазваниеЗначение
  Тип записи a
  Библиографический уровень a
001 Контрольный номер RU/CBS_UL/BASE/713460863
005 Дата корректировки 20250122233009.0
100 Данные общей обработки __
a Данные общей обработки 20220810d2022 ||| 0rusy0189 ca
101 Язык документа 0_
a Язык текста rus
102 Страна публикации __
a Страна публикации RU
105 Кодированные данные (монография) __
a Кодированные данные (монография) y###||||000|y
181 Поле кодированных данных: вид содержания _1
a Код вида содержания (ISBD) i#
b Код характеристики содержания (ISBD) #xxe##
d i
g x
h x
i e
2 Код системы (источник кода, отличный от ISBD) isbdcontent
182 Поле кодированных данных: тип средства _1
a Код типа средства (ISBD) n
2 Код системы (источник кода, отличный от ISBD) isbdmedia
200 Заглавие и сведения об ответственности 1_
a Заглавие Иногда она возвращается
b Общее обозначение материала Текст
e Сведения, относящиеся к заглавию [беседа с генеральным директором НМИЦ радиологии, главным онкологом Минздрава России академиком РАН А.Д. Каприным о том, какие виды рака и почему отличаются высокой частотой рецидива]
f Первые сведения об ответственности Л. Юдина
w Текст (визуальный) : непосредственный
203 Вид содержания и тип средства __
a Вид содержания Текст
b Характеристика содержания визуальный
c Тип средства непосредственный
300 Общие примечания __
a Общие примечания Содерж. : На что обратить внимание - советы главного онколога
333 Примечание о целевом назначении __
a Примечание о целевом назначении 16+
461 Уровень набора _0
1 2000
a Аргументы и факты
463 Уровень физической единицы _0
1 001RU/CBS_UL/BASE/713456918
1 2000
a № 32 (10-16 августа)
v С. 13 : фот.
1 210
d 2022
606 Тематические рубрики 0_
a Основная рубрика Онкология
610 Ключевые слова 0_
a Ключевые слова онкология
a Ключевые слова опухоли
a Ключевые слова рецидивы оухолей
686 Индексы других классификаций __
a Классификационный индекс 55.6
2 Код системы rubbk
700 Автор _1
a Фамилия Юдина
b Имя (инициалы) Л.
801 Источник записи _0
a Страна RU
b Организация МБУК ЦБС г. Ульяновска
c Дата составления 20220810
g Правила каталогизации RCR
801 Источник записи _1
a Страна RU
b Организация МБУК ЦБС г. Ульяновска
c Дата составления 20220810
g Правила каталогизации RCR
901 Тип документа __
t Тип документа f
w Контрольный № источника RU/CBS_UL/BASE/713456918
910 Корректоры записи __
a Корректор записи Библиотека 1-2
938 Служебная информация __
a Имя БД period